Great western political thinkers. (Record no. 691)

MARC details
000 -LEADER
fixed length control field 00553cam a2200193ua 4500
008 - FIXED-LENGTH DATA ELEMENTS--GENERAL INFORMATION
fixed length control field 110419n ii |||gr||||Z||||||eng
020 ## - INTERNATIONAL STANDARD BOOK NUMBER
International Standard Book Number 81-7100-562-4
020 ## - INTERNATIONAL STANDARD BOOK NUMBER
International Standard Book Number 81-7100-563-2
040 ## - CATALOGING SOURCE
Transcribing agency MAIN
082 ## - DEWEY DECIMAL CLASSIFICATION NUMBER
Classification number 320.5
245 1# - TITLE STATEMENT
Title Great western political thinkers.
Remainder of title Thomas Hill Green.
250 ## - EDITION STATEMENT
Edition statement 1st. /
Remainder of edition statement Edited by Subrata Mukherjee & Sushila Ramashwami.
260 ## - PUBLICATION, DISTRIBUTION, ETC.
Place of publication, distribution, etc. New Delhi.:
Name of publisher, distributor, etc. Deep & Deep.,993.
300 ## - PHYSICAL DESCRIPTION
Extent ix, 538 p.:
Dimensions 20 cm.
942 ## - ADDED ENTRY ELEMENTS (KOHA)
Koha item type Books
653 ## - INDEX TERM--UNCONTROLLED
Uncontrolled term Political science.
653 ## - INDEX TERM--UNCONTROLLED
Uncontrolled term Great western political thinkers.
Holdings
Withdrawn status Lost status Damaged status Not for loan Home library Current library Shelving location Date acquired Total Checkouts Full call number Barcode Date last seen Copy number Price effective from Koha item type
        Central Library, Naharkatiya College Central Library, Naharkatiya College   19/09/2020   320.5 | GRE 809 19/09/2020 1 19/09/2020 Books

Naharkatiya College © 2020. All rights reserved.

Powered By